000 00645nam a2200217 a 4500
001 18494
003 CO-ViMGA
008 141112s2004 ck r 000 u spa d
020 _a9681656989
040 _aCO-ViMGA
_bspa
_cCO-ViMGA
082 0 4 _a576 D739
100 1 _aDreyfus Cortes, Georges
_926339
245 1 0 _aEl mundo de los microbios - Ciencia para todos
260 _aMexico,
_cFondo de cultura económica,
_c2000
300 _a78.p.
490 _aCiencias para todos
590 _aForma de adquisición : Premio - Mincultura - - Precio : 12.000
650 1 4 _aMICROBIOS
_926340
650 1 4 _aMOCROORGANISMOS
_926341
942 _2ddc
_cBK
999 _c27785
_d27785